000 00835nam a22002055i 4500
001 164029
003 ES-MaACL
005 20250927114214.0
008 050818m18861891fr | |||||||| ||fre d
040 _aCAM
_bspa
_cCAM
100 1 _aRousset, Camille.
_9132113
245 1 0 _aHistoire de Louvois et de son administration politique et militaire /
_cpar Camille Rousset.
250 _a7e. éd.
260 _aParis :
_bLibrairie Académique Didier :
_bPerrin et Cie.,
_c1886 (
_fTyp. Pillet et Dumoulin)
300 _a4 v. ;
_c19 cm.
597 _aT.I: 1886 (XI, 546 p.) -- T.II: 1886 (589 p.) -- T.III: 1891 (553 p.) --T.IV: 1891 (576 p.)
600 1 7 _aLouvois, François Michel Le Tellier,
_cMarquis de,
_d1641-1691-
_vBiografías
_2
_9129099
852 _aES-MaACL
_jD-5120-5123
_z-- Rúst. deteriorada
999 _c164029
_d164029